000 00641nam a2200229Ia 4500
003 OSt
005 20220923230152.0
006 a|||||r|||| 00| 0
007 ta
008 Pun
024 _a277,989
037 _cTextual
040 _aARTS
_cARTS
_bPun
041 _2Pun
_aPun
082 _aO153,1M72:g, M3
100 _aਸਿੰਘ, ਗੁਰਬ॥F, ਥਦ.
245 0 _aਭਾਈ ਵੀਰ ਸਿੰਘ ਸਾਹਿਤ ਅਧਿਅਨ
260 _c1983
650 _aਪੰਜਾਬੀ ਸਾਹਿਤ
942 _hO153,1M72:g, M3
_cTEXL
_2CC
999 _c382993
_d382993